Dude Perfect Overtime - Statistics

General Stats
  • This quiz has been taken 203 times
    142 since last reset
  • The average score is 34 of 35
Answer Stats
Answer % Correct
1
100%
2
100%
3
99%
4
99%
5
99%
23
98%
6
98%
7
98%
10
97%
11
97%
12
97%
13
97%
14
97%
15
97%
16
97%
17
97%
18
97%
19
97%
20
97%
21
97%
22
97%
24
97%
25
97%
26
97%
27
97%
28
97%
29
97%
31
97%
32
97%
33
97%
34
97%
35
97%
8
97%
9
97%
30
96%
No matching quizzes found
Score Distribution
Percent of People with Each Score
Percentile by Number Answered
Your Score History
You have not taken this quiz since the last reset